=LDR 00000nam 2200000 4500 =001 INLIS000000000011017 =005 20130612102626 =008 ***********************************Ind** =035 ##$$0010-061300000011017 =041 ##$$a Ind =082 ##$$a 666 =090 ##$$a 666, HAr-m =100 ##$$a Hartomo, Anton J =245 ##$$a Mengenal keramik Modern, Anton J. Hartomo =260 ##$$b Yogyakarta =300 ##$$a vi, 115 hlm, ilus, 21 cm =650 ##$$a Keramik =850 ##$$a NBPNMAT